<?xml version="1.0" encoding="UTF-8"?><marc:collection xmlns:marc="http://www.loc.gov/MARC21/slim">
  <marc:record>
    <marc:leader>00000nam##2200000za#4500</marc:leader>
    <marc:controlfield tag="001">9.698040</marc:controlfield>
    <marc:controlfield tag="003">CaOODSP</marc:controlfield>
    <marc:controlfield tag="005">20240522111751</marc:controlfield>
    <marc:controlfield tag="007">cr |||||||||||</marc:controlfield>
    <marc:controlfield tag="008">150407|2000||||xxc|||||o    f|0| 0 eng|d</marc:controlfield>
    <marc:datafield tag="040" ind1=" " ind2=" ">
      <marc:subfield code="a">CaOODSP</marc:subfield>
      <marc:subfield code="b">eng</marc:subfield>
    </marc:datafield>
    <marc:datafield tag="043" ind1=" " ind2=" ">
      <marc:subfield code="a">n-cn---</marc:subfield>
    </marc:datafield>
    <marc:datafield tag="086" ind1="1" ind2=" ">
      <marc:subfield code="a">RG64-10/2000E-PDF</marc:subfield>
    </marc:datafield>
    <marc:datafield tag="110" ind1="1" ind2=" ">
      <marc:subfield code="a">Canada. </marc:subfield>
      <marc:subfield code="b">Office of the Superintendent of Bankruptcy.</marc:subfield>
    </marc:datafield>
    <marc:datafield tag="245" ind1="1" ind2="4">
      <marc:subfield code="a">The National Insolvency Forum, national report </marc:subfield>
      <marc:subfield code="h">[electronic resource]</marc:subfield>
    </marc:datafield>
    <marc:datafield tag="260" ind1=" " ind2=" ">
      <marc:subfield code="a">Ottawa - Ontario : </marc:subfield>
      <marc:subfield code="b">Industry Canada. </marc:subfield>
      <marc:subfield code="c">March 2000.</marc:subfield>
    </marc:datafield>
    <marc:datafield tag="300" ind1=" " ind2=" ">
      <marc:subfield code="a">32p.</marc:subfield>
      <marc:subfield code="b">figs., graphs</marc:subfield>
    </marc:datafield>
    <marc:datafield tag="500" ind1=" " ind2=" ">
      <marc:subfield code="a">"In late spring 1999, the Office of the Superintendent of Bankruptcy (OSB) launched a new form of stakeholder consultation: The National Insolvency Forum (NIF). The NIF consisted of a series of six two-day conferences held in selected cities -- Halifax, Montreal, Toronto, Saskatchewan, Calgary and Vancouver -- during the months of May and June... four themes were articulated and will be used to shape the future direction and orientation of the OSB in pursuing its goal of "Improving the effectiveness and efficiency of Canada's insolvency system while ensuring compliance with the Bankruptcy and Insolvency Act". They are as follows: maintain a strong policy and regulatory framework, streamline the insolvency process, enhance information and key services available to Canadians on-line, strengthen partnerships with stakeholders and clients alike."--Executive summary.</marc:subfield>
    </marc:datafield>
    <marc:datafield tag="520" ind1="3" ind2=" ">
      <marc:subfield code="a">This report outlines the results of two conferences held by the Office of the Superintendent of Bankruptcy. These spring 1999 conferences examined Canada's insolvency system: what works, what doesn't work and how it can be improved. Four directions for the future emerged: maintain a strong policy and regulatory framework; streamline the insolvency process; enhance information and key services available to Canadians on-line; and strengthen partnerships with stakeholders and clients alike.</marc:subfield>
    </marc:datafield>
    <marc:datafield tag="590" ind1=" " ind2=" ">
      <marc:subfield code="a">13-15-Supp</marc:subfield>
      <marc:subfield code="b">2013-06-24</marc:subfield>
    </marc:datafield>
    <marc:datafield tag="690" ind1="0" ind2="7">
      <marc:subfield code="a">Bankruptcies</marc:subfield>
      <marc:subfield code="2">gcpds</marc:subfield>
    </marc:datafield>
    <marc:datafield tag="690" ind1="0" ind2="7">
      <marc:subfield code="a">Government services</marc:subfield>
      <marc:subfield code="2">gcpds</marc:subfield>
    </marc:datafield>
    <marc:datafield tag="775" ind1="0" ind2="8">
      <marc:subfield code="t">Forum national sur l'insolvabilité, rapport national </marc:subfield>
      <marc:subfield code="w">(CaOODSP)9.642036</marc:subfield>
    </marc:datafield>
    <marc:datafield tag="776" ind1="0" ind2="#">
      <marc:subfield code="t">The National Insolvency Forum national report </marc:subfield>
      <marc:subfield code="w">(CaOODSP)9.662527</marc:subfield>
    </marc:datafield>
    <marc:datafield tag="776" ind1="0" ind2="#">
      <marc:subfield code="t">Forum national sur l'insolvabilité, rapport national </marc:subfield>
      <marc:subfield code="w">(CaOODSP)9.662528</marc:subfield>
    </marc:datafield>
    <marc:datafield tag="856" ind1="4" ind2="0">
      <marc:subfield code="a">http://publications.gc.ca</marc:subfield>
      <marc:subfield code="q">PDF</marc:subfield>
      <marc:subfield code="s">720 KB</marc:subfield>
      <marc:subfield code="u">https://publications.gc.ca/collections/Collection/RG64-10-2000E.pdf</marc:subfield>
    </marc:datafield>
  </marc:record>
</marc:collection>
